|
|
|
|
| LEADER |
01049nab a2200205 i 4500 |
| 001 |
misc7306 |
| 005 |
20191106144231.0 |
| 008 |
170607s1897 hu o 0|| hun d |
| 022 |
|
|
|a 0025-0260
|
| 040 |
|
|
|a SZTE Miscellanea Repozitórium
|b hun
|
| 041 |
|
|
|a hun
|
| 100 |
1 |
|
|a Klimó Mihály
|
| 245 |
1 |
0 |
|a Válasz Kálmán Miksa bírálatára
|h [elektronikus dokumentum] :
|b lásd Magyar Paedagogia. [!Pedagógia] 1897. 3. sz. 181—183. 1. Franczia [!francia] nyelvtan különös tekintettel a magyar és franczia [!francia] nyelvek közötti eltérésekre. Kemény Ferencz közreműködésével írta Klimó Mihály. Budapest. Wodianer és fiai. 91 1. Ara 60 kr. /
|c Klimó Mihály
|
| 260 |
|
|
|c 1897
|
| 300 |
|
|
|a 343-345
|
| 490 |
0 |
|
|a Magyar pedagógia : a Magyar Tudományos Akadémia Pedagógiai Bizottságának folyóirata
|v 6
|
| 695 |
|
|
|a Francia nyelv tanítása tankönyv 1897, Nyelvtanítás
|
| 700 |
0 |
1 |
|a Kálmán Miksa
|e aut
|
| 700 |
0 |
1 |
|a Kemény Ferenc
|e aut
|
| 856 |
4 |
0 |
|u http://misc.bibl.u-szeged.hu/7306/1/mp_1897_0455_343-345.pdf
|z Dokumentum-elérés
|